| 000 | 00838cab a2200229 4500 | ||
|---|---|---|---|
| 001 | WB3117-21 | ||
| 008 | 090401t1995 xxu||||| |||| 00| 0 eng d | ||
| 035 | _a(Sirsi) u61250 | ||
| 041 | _aeng | ||
| 245 | _aCarriage roads | ||
| 260 | _c1995 | ||
| 350 | _a0 | ||
| 490 |
_aTimes _v5 May 1995, 37(1) |
||
| 520 | _aIn "Dunlop v SoS Environment", QBD 29 March 1995, it was held that the term `private carriage road` had been deliberately used in an inclosure award as a term of art distinguishing that particular road from public carriage roads on which all subjects enjoyed an equal right of vehicular passage. | ||
| 650 | _aPRIVATE CARRIAGE ROAD | ||
| 650 | _aPUBLIC CARRIAGE ROAD | ||
| 650 | _aRIGHT OF WAY | ||
| 650 | _aVEHICULAR ACCESS | ||
| 690 | _aHIGHWAYS AND RIGHTS OF WAY-CASE LAW | ||
| 942 | _n0 | ||
| 948 | _c04/03/1997 | ||
| 999 |
_c37906 _d37906 |
||